00493nam a22001457a 4500008004100000020001500041050002100056100003200077245006200109260003300171300004400204504005100248650001700299700003100316190206b xxu||||| |||| 00| 0 eng d a0873226763 aQP 303 .I53 2000 aEdited by Hoffman, Shirl J. aIntroduction to kinesiology:bStudying physical activity/ aUSA:bHuman kinetics,c2000. axvi, 599 p.:bill. (some col.);c27 cm. aIncludes bibliographical references and index. aKinesiology. aEdited by Harris, Janet C.